SIGPLAN Notices

Salvato in:
Dettagli Bibliografici
Natura: Periodico
Pubblicazione: 2000
Tags: Aggiungi Tag
Nessun Tag, puoi essere il primo ad aggiungerne!!

MARC

LEADER 00000nas a22000003a 4500
001 stu70057
005 20141121234004.7
008 011106s2000----------------------------d
040 |a STU  |b slo 
041 0
245 |a SIGPLAN Notices 
260 |c 2000 
500 |a 2000 
500 |a 12 
500 |a 1,3-12 /CH: 2 
773 0 |t SIGPLAN Notices :  |w stu_us_cat*stu60260  |x 0362-1340  |7 nnas 
996 |d Vol. 35, 2000  |v Vol. 35  |y 2000  |l EE0103  |s A  |a 24  |w stu70057_0001